Gruppirovki v social'no-ekonomičeskich issledovanijach metody postrojenija i analiza

Guardado en:
Detalles Bibliográficos
Autor principal: Mirkin, Boris Grigor'jevič
Formato: Libro
Lenguaje:ruso
Publicado: Moskva Finansy i statistika 1985
Colección:Matematičeskaja statistika dlja ekonomistov
Etiquetas: Agregar Etiqueta
Sin Etiquetas, Sea el primero en etiquetar este registro!

MARC

LEADER 00000nam a2200000 4500
001 c105742
005 20150325105435.3
041 0 |a rus 
044 |a RU 
245 1 0 |a Gruppirovki v social'no-ekonomičeskich issledovanijach  |b metody postrojenija i analiza  |c Boris Grigor'jevič Mirkin 
264 1 |a Moskva  |b Finansy i statistika  |c 1985 
300 |a 220 s. 
490 1 |a Matematičeskaja statistika dlja ekonomistov 
830 0 |a Matematičeskaja statistika dlja ekonomistov 
100 1 |a Mirkin, Boris Grigor'jevič